00514cam a2200157 a 450000100100000000500170001000800410002704000250006808200150009310000350010824500460014326000440018930000270023350400430026065000530030300000469120200929151501.0740104s1964 cl 000 0 spa d aDO-SdBNPbspacBNPHU a860bT693p1 aTorres-Rioseco, Arturo,d1897-10aPanorama de la literatura iberoamericana. a[Santigo, (Chile)] :bZig-Zag,c[1964]. axxix, 243 p. ;c21 cm. aIncluye notas al pie de las páginas. 4aLiteratura latinoamericanaxHistoria y crítica